Statistics for "Do Not Travel" countries for UK citizens

Click here to take the quiz!

General Stats

  • This quiz has been taken 714 times
  • The average score is 13 of 17

Answer Stats

HintAnswer% Correct
AsiaAfghanistan
88%
AsiaIraq
88%
South AmericaVenezuela
87%
AsiaSyria
86%
AfricaSomalia
85%
AsiaNorth Korea
83%
AfricaSouth Sudan
82%
AsiaYemen
77%
AfricaCentral African Republic
75%
AfricaMali
75%
AfricaLibya
74%
AfricaNiger
74%
AfricaChad
72%
AfricaDemocratic Republic of Congo
66%
North AmericaNicaragua
61%
AfricaMauritania
59%
AfricaBurkina Faso
56%

Score Distribution

Percentile by Number Answered

Percent of People with Each Score

Your Score History

You have not taken this quiz